¡No funciona la tele! / (Registro nro. 11926)

Detalles MARC
000 -LIDER
fixed length control field 01267cam a2200421 i 4500
001 - NÚMERO DE CONTROL
Identificador de número de control 0000814
003 - IDENTIFICACDOR DE NÚMERO DE CONTROL
control field DO-SdBPM
005 - DATE AND TIME OF LATEST TRANSACTION
control field 20250901072329.0
007 - CAMPOS FIJOS DE DESCRIPCIÓN FÍSICA
fixed length control field ta
008 - ELEMENTOS DE LONGITUD FIJA
fixed length control field 100514s2010 mx a | |||| 000 f spa
015 ## - NÚMERO DENTRO DE LA BIBLIOGRAFÍA NACIONAL
National bibliography number
017 ## - NÚMERO DE REGISTRO DE DERECHOS DE AUTOR
Copyright or legal deposit number
Assigning agency
020 ## - ISBN
International Standard Book Number 9789707703704
035 ## - NÚMERO LOCAL
System control number
040 ## - FUENTE DE CATALOGACIÓN
Agencia que crea de manera original el registro DO-SdBPM
Idioma de catalogación spa
Agencia que realiza la transcripción BPMSU
Convenciones de la despripción rda
080 ## - NÚMERO DE CLASIFICACIÓN DECIMAL UNIVERSAL
Universal Decimal Classification number
082 #4 - NÚMERO DE CLASIFICACIÓN DECIMAL DE DEWEY
Classification number 813.5
Item number M478n 2010
Edition number 22
092 ## - LOCALLY ASSIGNED DEWEY DECIMAL CALL NUMBER
Número de edición
100 1# - ASIENTO PRINCIPAL -- NOMBRE PERSONAL
Nombre personal Mccoy, Glenn
Fechas asociadas con el nombre 1965-
Mención de responsabilidad autor
245 13 - MENCIÓN DE TITULO
Título ¡No funciona la tele! /
Mención de responsabilidad Glenn McCoy ; traducción Miguel Azaola
Medio (Designación general de material)
250 ## - MENCIÓN DE EDICION
Mención de edición
260 ## - PUBLICACIÓN, DISTRIBUCIÓN, ETC. (PIE DE IMPRENTA)
Nombre del editor, distribuidor, etc.
Fecha de publicación, distribución, etc
264 ## - PRODUCTION, PUBLICATION, DISTRIBUTION, MANUFACTURE, AND COPYRIGHT NOTICE
Place of production, publication, distribution, manufacture México :
Name of producer, publisher, distributor, manufacturer Santillana ediciones generales,
Date of production, publication, distribution, manufacture, or copyright notice 2010.
300 ## - DESCRIPCIÓN FÍSICA
Extensión 37 páginas :
Otros detalles físicos ilustraciones,
Dimensiones 19 m
336 ## - CONTENT TYPE
Content type term texto
Content type code txt
Source rdacontent
337 ## - MEDIA TYPE
Media type term sin mediación
Media type code n
Source rdamedia
338 ## - CARRIER TYPE
Carrier type term volumen
Carrier type code nc
Source redacarrier
490 0# - MENCIÓN DE SERIES
Mención de serie Alfaguara infantil ;
-- amarilla
500 ## - NOTA GENERAL
Nota general Incluye datos biográficos del autor
521 ## - TARGET AUDIENCE NOTE
Target audience note A partir de 6 años.
534 ## - NOTA SOBRE LA VERSIÓN ORIGINAL
Frase introductoria Título original
Mención del título original Penny lee and her tv.
590 ## - NOTA LOCAL
Texto de la nota local Inventariado, 2025/VM
650 #7 - ENCABEZAMIENTO DE MATERIA--TEMÁTICO
Término temático o nombre geográfico como elemento de entrada Cuentos infantiles estadounidense
650 #7 - ENCABEZAMIENTO DE MATERIA--TEMÁTICO
Término temático o nombre geográfico como elemento de entrada Televisión
Subdivisión de forma Cuentos infantiles.
700 1# - ASIENTO SECUNDARIO -- NOMBRE PERSONAL
Nombre personal Azaola, Miguel
Mención de responsabilidad traductor
910 ## - VALIDACIÓN
Validación VMateo V. Control de calidad. BOMSU
942 ## - ADDED ENTRY ELEMENTS (KOHA)
Source of classification or shelving scheme Dewey Decimal Classification
Koha item type Libros
Existencias
Withdrawn status Lost status Source of classification or shelving scheme Damaged status Not for loan Collection code Home library Current library Date acquired Source of acquisition Total Checkouts Full call number Barcode Date last seen Price effective from Koha item type Copy number
    Dewey Decimal Classification     Colección Infantil General Biblioteca Pública Metropolitana Salomé Ureña Biblioteca Pública Metropolitana Salomé Ureña 11/14/2016 Alfaguara   BPMSU CGI 813.5 M478n 2010 BPMSU16111250 11/14/2016 11/14/2016 Libros  
    Dewey Decimal Classification     Colección Infantil General Biblioteca Pública Metropolitana Salomé Ureña Biblioteca Pública Metropolitana Salomé Ureña 11/14/2016 Alfaguara   BPMSU CGI 813.5 M478n 2010 BPMSU16111251 11/14/2016 11/14/2016 Libros e.2
    Dewey Decimal Classification     Colección Infantil General Biblioteca Pública Metropolitana Salomé Ureña Biblioteca Pública Metropolitana Salomé Ureña 11/14/2016 Alfaguara   BPMSU CGI 813.5 M478n 2010 BPMSU16111252 11/14/2016 11/14/2016 Libros e.3